15 greatest wwe wrestlers of all time - Statistics

General Stats
  • This quiz has been taken 191 times
  • The average score is 10 of 15
Answer Stats
Hint Answer % Correct
Has a very close connection with Roman Reigns the rock
94%
Has his very own cereal brand john cena
92%
Was once part of the NWO hulk hogan
91%
We first saw him at Survivor Series undertaker
86%
Him and CM Punk really do not like eachother Triple H
81%
In an episode of Raw, was seen working as a Chef shawn michaels
78%
Has a very famous dance move booker t
73%
This guy has his own custom Bevarage stone cold
71%
Hollywood movie star batista
67%
Once retired, now back in action edge
66%
Was part of two of the greatest factions of all time ric flair
62%
He is the Tag Team Champions kane
61%
Nearly had a dream match in 2010, but was ruined by the Nexus bret hart
53%
Won the World Heavyweight Championship in his very first match the big show
35%
Everyone would've loved to have seen him have a match with CM Punk macho man
16%
No matching quizzes found
Score Distribution
Percent of People with Each Score
Percentile by Number Answered
Your Score History
You have not taken this quiz